000 00548nam a2200229 a 4500
001 nice12345678
003 IN_TiNIC
005 20260116011701.0
008 050524s1903 chia grp 000 0 eng
020 _a
_c100
082 0 0 _a201
_bBEA
100 _aBeach, Harlan P
245 _aPrincely Men in the Heavenly Kingdom
260 _aChicago
_bCincinnati
_c1903
300 _a244p
500 _aincludes index and biblioraphy
505 2 _aMap of China
700 1 _aBeach, Harlan P
902 _bSRS
942 _cBK
999 _c3397
_d3397